000 00523nam a2200193 a 4500
001 15407
003 CO-ViMGA
008 141112s2004 ck r 000 u spa d
020 _a8477021031
040 _aCO-ViMGA
_bspa
_cCO-ViMGA
082 0 4 _a823.8 K465
100 1 _aKipling, Rudyard
_922412
245 1 0 _aLos constructores del puente :
_bEl trabajo de cada día
260 _aMadríd (E),
_cValdemar,
_c1994
300 _a179.p.
650 1 4 _aCUENTOS INGLESES
650 1 4 _aJINETES - CUENTOS
_922413
942 _2ddc
_cBK
999 _c25740
_d25740